Zápisy ze schůzí československé vlády v Londýně IV.2 (červenec-prosinec 1944)
| Other Authors: | , , , , |
|---|---|
| Format: | Book |
| Language: | Czech English Slovak |
| PhysicalDescription: | 905 s. 25 cm |
| Published: |
Praha
Právnická fakulta Univerzity Karlovy Historický ústav Akademie věd ČR Masarykův ústav a Archiv Akademie věd ČR
2015
|
| ISBN: | 9788072862436 9788072862443 |
| Edition: | 1. vyd. |
| Subjects: |
MARC
| LEADER | 00000cam a2200000 a 4500 | ||
|---|---|---|---|
| 001 | vtls011565191 | ||
| 003 | SK-MaSNL | ||
| 005 | 20260311151127.0 | ||
| 008 | 180601s2015 xr f ni 001 0 cze | ||
| 015 | |a SNBZSA2016 | ||
| 020 | |a 9788072862436 |q (4. diel, 2. zv. ; |q viazané) | ||
| 020 | |a 9788072862443 |q (4 diel, súbor ; |q viazané) | ||
| 035 | |a 14001EEA-5E23-4954-A2B8-297114155A49 | ||
| 035 | |a urn:nbn:sk:snk-am3h6gi | ||
| 035 | |a urn:nbn:sk:snk-am00co26 | ||
| 040 | |a SNK |b slo |c SNK |e AACR2 | ||
| 041 | 0 | |a cze |a eng |a slo |b eng | |
| 043 | |a e-cs--- |a e-uk-en | ||
| 044 | |a xr |c CZ | ||
| 072 | 7 | |a 328 |x Zastupiteľské orgány. Vlády. Politické systémy jednotlivých krajín |2 konspekt | |
| 080 | |a 342.395.3 |2 2011 | ||
| 080 | |a 323.25/.26-027.63 |2 2011 | ||
| 080 | |a 94(100)"1939/1945" |2 2011 | ||
| 080 | |a 327 |2 2011 | ||
| 080 | |a (437) |2 2011 | ||
| 080 | |a (410.111) |2 2011 | ||
| 080 | |a (094) |2 2011 | ||
| 080 | |a (093) |2 2011 | ||
| 245 | 0 | 0 | |a Zápisy ze schůzí československé vlády v Londýně |n IV.2 |p (červenec-prosinec 1944) |c editoři Jan Němeček ... [et al.] |
| 246 | 3 | 0 | |a Červenec-prosinec 1944 |
| 250 | |a 1. vyd. | ||
| 260 | |a Praha |b Právnická fakulta Univerzity Karlovy |b Historický ústav Akademie věd ČR |b Masarykův ústav a Archiv Akademie věd ČR |c 2015 | ||
| 300 | |a 905 s. |c 25 cm | ||
| 504 | |a Bibliogr. odkazy ; register | ||
| 546 | |a Res. angl. | ||
| 648 | 7 | |a 1939-1945 |2 SNKPH |9 281648 | |
| 648 | 7 | |a 1944 |2 SNKPH |9 294704 | |
| 648 | 7 | |a 20. stor. |2 SNKPH |9 275975 | |
| 648 | 7 | |a 20th century |2 SNKPHeng |9 277995 | |
| 650 | 0 | 7 | |a exilová vláda |2 SNKPH |9 3891 |
| 650 | 0 | 7 | |a zahraničný odboj |2 SNKPH |9 54986 |
| 650 | 0 | 7 | |a druhá svetová vojna (1939-1945) |2 SNKPH |9 169657 |
| 650 | 0 | 7 | |a zahraničná politika |2 SNKPH |9 971 |
| 650 | 0 | 7 | |a Government in exil |2 SNKPHeng |9 334897 |
| 650 | 0 | 7 | |a Resistance movement abroad |2 SNKPHeng |9 313645 |
| 650 | 0 | 7 | |a World War (1939-1945) |2 SNKPHeng |9 284172 |
| 650 | 0 | 7 | |a Foreign policy |2 SNKPHeng |9 266402 |
| 651 | 7 | |a Československo |2 SNKPH |9 21376 | |
| 651 | 7 | |a Londýn (Anglicko) |2 SNKPH |9 14622 | |
| 651 | 7 | |a Czechoslovakia |2 SNKPHeng |9 265183 | |
| 651 | 7 | |a London (England) |2 SNKPHeng |9 185550 | |
| 655 | 7 | |a dokumenty |2 SNKPH |9 70482 | |
| 655 | 7 | |a pramene |2 SNKPH |9 70564 | |
| 655 | 7 | |a Documents |2 SNKPHeng |9 277725 | |
| 655 | 7 | |a Sources |2 SNKPHeng |9 285559 | |
| 700 | 1 | |a Němeček, Jan, |d 1963 máj 30.- |4 edt |9 165536 | |
| 700 | 1 | |a Šťovíček, Ivan, |d 1938- |4 edt |9 122752 | |
| 700 | 1 | |a Kuklík, Jan, |d 1967- |4 edt |9 230362 | |
| 700 | 1 | |a Bílek, Jan, |d 1972- |4 edt |9 198756 | |
| 700 | 1 | |a Nováčková, Helena, |d 1951- |4 edt |9 334899 | |
| 919 | |a 978-80-7286-243-6 | ||
| 958 | |a NB | ||
| 999 | |c 1189720 |d 1191650 | ||
| 952 | |a SNK |b SNK |y PREZ |7 0 |p 17A1200408 |o snkSC 139970/4/2 |i snk2016/19340 |8 4 |g 15.59 |0 0 |1 0 |4 0 |d 2016-07-13 |f 1 |l 0 |r 2025-07-08 00:00:00 |w 2026-02-24 | ||


